| 000 | 00736nam a2200217 a 4500 | ||
|---|---|---|---|
| 005 | 20140412111304.0 | ||
| 008 | 001121s19uu xx 00 eng d | ||
| 050 |
_aTR(GS 030 _bL41 1992 |
||
| 100 | _aFelicia, Law | ||
| 245 |
_aLearn about taste and smell / _cFelicia Law; illustations by Steve Smallman, Shirley Tourret. |
||
| 260 |
_aUK : _bWorld Book, Inc. |
||
| 300 | _a1 v. (unp.) ; ill. | ||
| 440 | _aEarly World of Learning-Poldy | ||
| 500 | _aPoldy | ||
| 520 | _aPoldy and his friends suddenly feel hungry. They land in the forest where Wagtail, Crow and Seagul find plenty of tasty food to eat. | ||
| 650 | _aSenses--Fiction | ||
| 650 | _aChildren stories | ||
| 999 |
_c103565 _d103565 |
||